მძიმე ჯვარი : რომანი 4 წიგნად. წ. 3 :ძლევის ზარი (ბიბ.ჩანაწერი № 49104)
[ მარტივი ფორმატი ]
| 000 -LEADER | |
|---|---|
| fixed length control field | 00721nam a2200217Ia 4500 |
| 001 - CONTROL NUMBER | |
| control field | 16011 |
| 003 - CONTROL NUMBER IDENTIFIER | |
| control field | GE_BSU |
| 008 - FIXED-LENGTH DATA ELEMENTS--GENERAL INFORMATION | |
| fixed length control field | 181216s||||||||xx |||||||||||||| ||und|| |
| 040 ## - CATALOGING SOURCE | |
| Transcribing agency | GE_BSU |
| 080 ## - UNIVERSAL DECIMAL CLASSIFICATION NUMBER | |
| Universal Decimal Classification number | 821.353.1-31 |
| 100 ## - MAIN ENTRY--PERSONAL NAME | |
| Personal name | ჯაფარიძე, რევაზ |
| 245 ## - TITLE STATEMENT | |
| Title | მძიმე ჯვარი : რომანი 4 წიგნად. წ. 3 :ძლევის ზარი |
| 245 ## - TITLE STATEMENT | |
| Statement of responsibility, etc. | რედ.ლ.თურმანიძე.. მხ.დ.დუნდუა. |
| 260 ## - PUBLICATION, DISTRIBUTION, ETC. | |
| Place of publication, distribution, etc. | თბილისი |
| 260 ## - PUBLICATION, DISTRIBUTION, ETC. | |
| Name of publisher, distributor, etc. | მერანი |
| 260 ## - PUBLICATION, DISTRIBUTION, ETC. | |
| Date of publication, distribution, etc. | 1979 |
| 300 ## - PHYSICAL DESCRIPTION | |
| Extent | 504გვ.22სმ |
| 653 ## - INDEX TERM--UNCONTROLLED | |
| Uncontrolled term | მძიმე ჯვარი |
| 653 ## - INDEX TERM--UNCONTROLLED | |
| Uncontrolled term | ძლევის ზარი |
| 942 ## - ADDED ENTRY ELEMENTS (KOHA) | |
| Koha item type | წიგნი |
არაა ხელმისაწვდომი ეგზემპლარები.
